Konkurenčné spravodajstvo - ciele a proces
Definícia konkurenčného spravodajstva. Konkurenčné spravodajstvo umožňujúce prijímať lepšie rozhodnutia, efektívnejšie dosahovať ciele a zároveň úspešne vykonávať podnikateľskú činnosť. Nevyhnutnosť realizácie konkurenčného spravodajstva pre všetky typy firiem. Mať v správnom čase správne informácie...
Enregistré dans:
| Auteur principal: | |
|---|---|
| Format: | Chapitre de livre |
| Langue: | slovaque |
| Sujets: | |
| Tags: |
Pas de tags, Soyez le premier à ajouter un tag!
|
MARC
| LEADER | 00000naa$a2200000$$$4500 | ||
|---|---|---|---|
| 001 | 0051836 | ||
| 005 | 20240502071614.6 | ||
| 041 | 0 | |a slo | |
| 044 | |a SK | ||
| 245 | 1 | 0 | |a Konkurenčné spravodajstvo - ciele a proces |c Štefan Žák |
| 520 | |a Definícia konkurenčného spravodajstva. Konkurenčné spravodajstvo umožňujúce prijímať lepšie rozhodnutia, efektívnejšie dosahovať ciele a zároveň úspešne vykonávať podnikateľskú činnosť. Nevyhnutnosť realizácie konkurenčného spravodajstva pre všetky typy firiem. Mať v správnom čase správne informácie. Odlišnosť informácií od znalostí. | ||
| 610 | 2 | 0 | |a konkurencia |
| 610 | 2 | 0 | |a konkurencieschopnosť |
| 610 | 2 | 0 | |a informácie |
| 610 | 2 | 0 | |a vedomosti |
| 610 | 2 | 0 | |a firmy |
| 610 | 2 | 0 | |a internet |
| 610 | 2 | 0 | |a technológie informačné |
| 610 | 2 | 0 | |a competitive intelligence |
| 100 | 1 | |a Žák, Štefan, 1971- | |